KAMUS KOMPREHENSIF BAHASA CINA = Untuk Mereka Yang Bahasa Ibundanya Bukan Bahasa Cina (Record no. 174425)
[ view plain ]
| 000 -LEADER | |
|---|---|
| fixed length control field | 01615nam a22003617i 4500 |
| 003 - CONTROL NUMBER IDENTIFIER | |
| control field | PPAK |
| 005 - DATE AND TIME OF LATEST TRANSACTION | |
| control field | 20190925163733.0 |
| 008 - FIXED-LENGTH DATA ELEMENTS--GENERAL INFORMATION | |
| fixed length control field | 190922s2017 my |||e d||| 00| 0 may d |
| 020 ## - INTERNATIONAL STANDARD BOOK NUMBER | |
| International Standard Book Number | 9789830110752 |
| Terms of availability | RM 28.00 |
| Qualifying information | paperback |
| 040 ## - CATALOGING SOURCE | |
| Original cataloging agency | PPAK |
| Language of cataloging | eng |
| Transcribing agency | PPAK |
| Description conventions | rda |
| 082 04 - DEWEY DECIMAL CLASSIFICATION NUMBER | |
| Edition number | 23 |
| Classification number | 413.951 |
| 090 00 - LOCALLY ASSIGNED LC-TYPE CALL NUMBER (OCLC); LOCAL CALL NUMBER (RLIN) | |
| Classification number (OCLC) (R) ; Classification number, CALL (RLIN) (NR) | 413.951 |
| Feature heading | KAM |
| Feature heading | R |
| 245 00 - TITLE STATEMENT | |
| Linkage | 880-01 |
| Title | KAMUS KOMPREHENSIF BAHASA CINA = Untuk Mereka Yang Bahasa Ibundanya Bukan Bahasa Cina |
| Remainder of title | CHINESE COMPREHENSIVE DICTIONARY : For Those Whose Mother Tongue Are Not Chinese / |
| Statement of responsibility, etc. | Tan Teow Ghee, Ho Wee Chee, Hoe Foo Terng, Goh Ch'ng Hock, Ti Heong Poy |
| 246 31 - VARYING FORM OF TITLE | |
| Title proper/short title | Kamus komprehensif Bahasa Cina : |
| Remainder of title | untuk mereka yang bahasa ibundanya bukan Bahasa Cina |
| Title proper/short title | Chinese comprehensive dictionary : |
| Remainder of title | for those whose mother tongue are not Chinese / |
| 264 #1 - PRODUCTION, PUBLICATION, DISTRIBUTION, MANUFACTURE, AND COPYRIGHT NOTICE | |
| Linkage | 880-02 |
| Place of production, publication, distribution, manufacture | Seri Kembangan, Selangor: |
| Name of producer, publisher, distributor, manufacturer | UNITED PUBLISHING HOUSE (M) SDN. BHD., |
| Date of production, publication, distribution, manufacture, or copyright notice | 2017 |
| 300 ## - PHYSICAL DESCRIPTION | |
| Extent | viii, 644 pages; |
| Dimensions | 21 cm |
| 336 ## - CONTENT TYPE | |
| Source | rdacontent |
| Content type term | text |
| 337 ## - MEDIA TYPE | |
| Source | rdamedia |
| Media type term | unmediated |
| 338 ## - CARRIER TYPE | |
| Source | rdacarrier |
| Carrier type term | volume |
| 546 ## - LANGUAGE NOTE | |
| Language note | Parallel English, Chinese and Malay text |
| 650 10 - SUBJECT ADDED ENTRY--TOPICAL TERM | |
| Topical term or geographic name entry element | Chinese language |
| Form subdivision | Dictionaries |
| General subdivision | Polyglot |
| Topical term or geographic name entry element | Malay language |
| Form subdivision | Dictionaries |
| General subdivision | Polyglot |
| Topical term or geographic name entry element | English language |
| Form subdivision | Dictionaries |
| General subdivision | Polyglot |
| 700 3# - ADDED ENTRY--PERSONAL NAME | |
| Personal name | Tan, Teow Ghee |
| Relator term | compiler |
| Personal name | Ho, Wee Chee, |
| Relator term | compiler. |
| Personal name | Hoe, Foo Terng, |
| Relator term | compiler. |
| Personal name | Goh, Ch'ng Hock, |
| Relator term | compiler. |
| Personal name | Ti, Heong Poy, |
| Relator term | compiler. |
| 880 00 - ALTERNATE GRAPHIC REPRESENTATION | |
| Linkage | 245-01 |
| a | 简易汉语学习词典 : |
| b | 母语为非汉语者适用 / |
| Linkage | 264-02 |
| a | 联营出版(马)有限公司 |
| 942 ## - ADDED ENTRY ELEMENTS (KOHA) | |
| Source of classification or shelving scheme | Dewey Decimal Classification |
| Koha item type | Book |
| Withdrawn | Not for loan | Current library | Shelving location | Date acquired | Full call number | Barcode | Date last seen | Koha item type |
|---|---|---|---|---|---|---|---|---|
| Not For Loan | Perpustakaan Alor Setar | Rujukan Dewasa | 28/10/2019 | R 413.951 KAM | A01617420 | 28/10/2019 | Book | |
| Not For Loan | Perpustakaan Awam Sungai Petani | Rujukan Dewasa | 28/10/2019 | R 413.951 KAM | A01617421 | 28/10/2019 | Book |